If you love me you will do my will. / (Record no. 24058)
[ view plain ]
| 000 -LEADER | |
|---|---|
| fixed length control field | 00500nam a2200181 a 4500 |
| 005 - DATE AND TIME OF LATEST TRANSACTION | |
| control field | 20140310183506.0 |
| 008 - FIXED-LENGTH DATA ELEMENTS--GENERAL INFORMATION | |
| fixed length control field | 100918s19uu xx 00 eng d |
| 020 ## - INTERNATIONAL STANDARD BOOK NUMBER | |
| International Standard Book Number | 0451170350 |
| 050 ## - LIBRARY OF CONGRESS CALL NUMBER | |
| Classification number | KF 759.E2 |
| Item number | .M53 1991 |
| 100 ## - MAIN ENTRY--PERSONAL NAME | |
| Personal name | Michaud, Stephen G. |
| 245 ## - TITLE STATEMENT | |
| Title | If you love me you will do my will. / |
| Statement of responsibility, etc | Stephen G. Michaud. |
| 260 ## - PUBLICATION, DISTRIBUTION, ETC. (IMPRINT) | |
| Place of publication, distribution, etc | New York : |
| Name of publisher, distributor, etc | Penguin Group, |
| Date of publication, distribution, etc | 1991. |
| 300 ## - PHYSICAL DESCRIPTION | |
| Extent | 389 p. : |
| Dimensions | 17 cm. |
| 650 ## - SUBJECT ADDED ENTRY--TOPICAL TERM | |
| Topical term or geographic name as entry element | Fiction |
| 700 ## - ADDED ENTRY--PERSONAL NAME | |
| Personal name | Aynesworth, Hugh |
| 942 ## - ADDED ENTRY ELEMENTS (KOHA) | |
| Koha item type | Books |
| Source of classification or shelving scheme | Library of Congress Classification |
| Withdrawn status | Lost status | Source of classification or shelving scheme | Damaged status | Home library | Current library | Shelving location | Date acquired | Total Checkouts | Full call number | Barcode | Date last seen | Copy number | Price effective from | Koha item type |
|---|---|---|---|---|---|---|---|---|---|---|---|---|---|---|
| Library of Congress Classification | College Library | College Library | Fiction Section | 11/19/2013 | KF 759.E2 .M53 1991 | C11413 | 05/08/2018 | 1 | 10/18/2013 | Books |